| 000 | 00608nam a22002177a 4500 | ||
|---|---|---|---|
| 003 | OSt | ||
| 005 | 20140310182906.0 | ||
| 008 | 130128t xxu||||| |||| 00| 0 eng d | ||
| 020 | _a9718957030 | ||
| 050 |
_aDS675 _b.E77 2009 |
||
| 082 |
_aFIL 809.383 _bEs77e 2009 |
||
| 245 |
_aEl Filibusterismo _cTeodorica Espinoza, Januario de Guzman Francisco Odulio. |
||
| 260 |
_aQuezon City : _bAklat Ani Publishing, _cc2001. |
||
| 300 |
_a340 p. _c26 cm. _b ill. |
||
| 521 | _acollege students | ||
| 541 | _j1 | ||
| 541 | _j2 | ||
| 541 | _j3 | ||
| 562 | _e3 | ||
| 942 |
_2lcc _cBK _kFIL |
||
| 999 |
_c17164 _d17164 |
||